Movies Quiz

Random Movies or Actress Quiz
Score 0/40 Timer 08:00
0 Plays Today
% Correct
Pulp Fiction
93.3%
Forrest Gump
92.3%
Speed
91.2%
The Shawshank Redemption
89.8%
Star Trek: Generations
89.3%
The Lion King
88.9%
Beverly Hills Cop III
88.3%
Ace Ventura: Pet Detective
88.1%
Naked Gun 33 1|3: The Final Insult
86.6%
Dumb & Dumber
85.1%
The Santa Clause
84.3%
The Mask
83.6%
True Lies
83.4%
Ri¢hie Ri¢h
83.1%
Interview with the Vampire: The Vampire Chronicles
82.6%
Four Weddings and a Funeral
82%
City Slickers II: The Legend of Curly's Gold
81.5%
The Flintstones
81%
D2: The Mighty Ducks
78.7%
Junior
78.1%
% Correct
Little Women
77.1%
Clear and Present Danger
76.7%
Natural Born Killers
76.4%
Street Fighter
75.6%
The Next Karate Kid
73.2%
Legends of the Fall
72.6%
Maverick
72.5%
The Crow
71.3%
Major League II
71%
Ed Wood
68.5%
Léon: The Professional
67.2%
Angels in the Outfield
65%
Wyatt Earp
64.3%
The River Wild
63.3%
Nell
62.9%
Airheads
62.8%
Reality Bites
59.1%
It Could Happen to You
58.2%
Quiz Show
53.5%
Clerks.
48.7%
Remove Ads.
Support Sporcle.
Get the best of Sporcle when you Go Orange. This ad-free experience offers more features, more stats, and more fun while also helping to support Sporcle. Thank you for becoming a member.

You're not logged in!

Compare scores with friends on all Sporcle quizzes.
OR
Log In

Show Comments

Extras

Top Quizzes Today


Score Distribution

Your Account Isn't Verified!

In order to create a playlist on Sporcle, you need to verify the email address you used during registration. Go to your Sporcle Settings to finish the process.

Report this User

Report this user for behavior that violates our Community Guidelines.

Details: